00387nam a2200157Ia 4500008004100000020001500041041001200056082001600068100001800084245005800102250000800160260002500168300000800193650001400201700001400215221030s9999 xx 000 0 und d a812032823x aEnglish a105.23bSte aW. R. Stevens 0aUnix Network Programmingcby W. R. Stevens, B. Fenner a3rd bPHIaNew Delhic2006 a991 aComputers aB. Fenner